000 00306nam a2200109Ia 4500
008 200302s9999 xx 000 0 und d
100 _aJohnnes Cramer and Stefan Breitling
245 _aArchitecture in Existing Fabric Planning Design Building
260 _bBirkhauser/Basel
260 _c2007
300 _a221
999 _c3643
_d3643